00400nam a2200145Ia 4500008004100000082001300041100001800054245007200072250000800144260003100152300001200183500002400195650001400219700002100233230524s9999 xx 000 0 und d a330bKEA aBarry Keating 0aManagerial Economics An Economic Foundation for Business Decissions a2ND aNEW DELHIbbiztantrac2007 aVII;725 aQuantity Number: 2 aEconomics a J.Holton Wilson